Responses for Show #1042 - Tuesday, February 28, 1989

Contestants

[<< previous game]

Greg Siek, an extension agent from Cleveland, Ohio

Chris McKillop, a management consultant from Toronto, Canada

Nancy Burke, a secretary from Buffalo, New York (whose 1-day cash winnings total $10,200)

[next game >>]

Jeopardy! Round responses

HISTORY
ROCK 'N' ROLL SONGS
PEOPLE
TENNIS
MATH
COLORFUL PHRASES
    $100 1
USA

Chris
    $100 7
"Roll Over Beethoven"

Chris
    $100 13
Lee Iacocca

Greg
    $100 21
the net

Chris
    $100 23
the remainder

Greg
    $100 6
paint the town red

Chris
    $200 2
France

Chris
    $200 8
"Proud Mary"

Greg
    $200 14
(Greg: Who were Dukakis & George Bush?)

Dan Quayle & Lloyd Bentsen

NancyGreg
    $200 22
Bobby Riggs

Greg
    $200 24
5 thousandths (005/1000)

Greg
    $200 9
yellow journalism

Chris
    $500 3
Suez Canal

Chris
    $300 16
Simon & Garfunkel

Greg
    $300 15
John Gavin

Chris
    $300 30
Bermuda

Chris
    $300 25
slide rule

Greg
    $300 10
Gray Panthers

Chris
    $400 4
Southeast Asia Treaty Organization

Greg
    $400 17
Papa

Chris
    $400 19
Ed Ames

Chris
    $400 28
tiebreakers

Triple Stumper
    $400 26
quadrilateral

Nancy
    $400 11
white lightning

Chris
    $500 5
Ming

Triple Stumper
    $500 18
"The Rockin' Pneumonia"

Greg
    $500 20
Episcopalian Church

Chris
    $500 29
Pam Shriver & Zina Garrison

Triple Stumper
    $500 27
17

Nancy
    $500 12
green light

Nancy

Scores at the first commercial break (after clue 15):

Nancy Chris Greg
$700 $2,200 $500

Scores at the end of the Jeopardy! Round:

Nancy Chris Greg
$1,600 $3,900 $2,100

Double Jeopardy! Round responses

THE CONSTITUTION
JEWELRY
SHAKESPEARE
INSECTS
PERSIA
POTPOURRI
    $200 4
vice president

Chris
    $200 1
Ted Turner

Nancy
    $200 30
the Globe

Chris
    $200 26
(Chris: What is to propel itself as paddles?)

paddles/oars

Chris
    $200 5
Iran

Nancy
    $200 14
(Chris: What are grapes?)
(Alex: Dried grapes.)

raisins

NancyChris
    $400 21
We The People

Greg
    $400 2
(Chris: What are eggs... Faberge eggs?)
(Alex: No, I'm not going to accept that.)

Easter eggs

NancyChris
    $400 29
"A Midsummer Night's Dream"

Nancy
    $400 25
mayflies

Chris
    $400 6
Lebanon

Nancy
    $400 22
coffee beans

Chris
    $600 20
(Alex: Boo! Hiss! on them!)

income

Chris
    $600 3
filigree

Greg
    $1,000 15
(Nancy: What are "Falstaff" & "Aida"?)

(2 of) "Falstaff", "Othello" & "Macbeth"

Nancy
    $600 23
crickets

Chris
    $600 7
3 (Asia, Africa & Europe)

Chris
    $600 12
black

Nancy
    $3,000 19
the Bill of Rights

Chris
    $800 16
enamel

Nancy
    $800 13
drinking a cup of poison

Greg
    $800 24
lay eggs

Nancy
    $800 8
League of Nations

Nancy
    $800 11
squab

Chris
    $1000 18
(Greg: What is 9?)
...
(Alex: Rhode Island was the only state not to send delegates.)

12

Greg
Triple Stumper
    $1000 17
bangles

Chris
    $1000 28
lily

Chris
    $1000 27
light

Greg
    $1000 9
(Chris: Who was Cyrus?)

Darius

NancyChris
    $1000 10
(Chris: What is Idaho?)

Montana

Chris
Triple Stumper

Scores at the end of the Double Jeopardy! Round:

Nancy Chris Greg
$6,400 $10,300 $3,900

[wagering suggestions for these scores]

Final Jeopardy! Round responses

ACADEMY AWARDS
(Alex: He was originally a nominee for "The Circus".)
GregWho was Eric Von Str
$3,750
NancyWho is Charlie Chaplin?
$6,400
ChrisWho was Chaplin?
$2,501
Charlie Chaplin

Final scores:

Nancy Chris Greg
$12,800 $12,801 $150
2nd place: Trip to Pirate's Cove, Nassau, Bahamas New champion: $12,801 3rd place: Royal Queen cookware

Game dynamics:

Coryat scores:

Nancy Chris Greg
$7,400 $7,900 $3,900
15 R,
1 W
(including 1 DD)
26 R
(including 2 DDs),
4 W
13 R,
2 W

Combined Coryat: $19,200

[game clues] [game scores] [suggest correction]

Game tape date: 1988-11-15
The J! Archive is created by fans, for fans. Scraping, republication, monetization, and malicious use prohibited; this site may use cookies and collect identifying information. See terms. The Jeopardy! game show and all elements thereof, including but not limited to copyright and trademark thereto, are the property of Jeopardy Productions, Inc. and are protected under law. This website is not affiliated with, sponsored by, or operated by Jeopardy Productions, Inc. Join the discussion at JBoard.tv.